[Event "DEM U12/U12w 2008"]
[Site "Willingen GER"]
[Date "2008.05.13"]
[Round "5"]
[White "Golosnyak, Alexander"]
[Black "Polert, Annika"]
[Result "1-0"]
[Termination "normal"]
[Board "28"]
[WhiteElo "1479"]
[BlackElo "1196"]
[PlyCount "141"]
[WhiteFideId "24659703"]
[BlackFideId "24692328"]
[EventCountry "GER"]
[EventRounds "11"]
[EventType "swiss"]
[EventDate "2008.05.10"]

1. e4 c6 2. d4 d5 3. Nd2 dxe4 4. Nxe4 Nd7 5. Bc4 Ngf6 6. Ng5 e6 7. Qe2 Nb6 8.
Bd3 Qxd4 9. N1f3 Bb4+ 10. c3 Bxc3+ 11. Kf1 Qc5 12. bxc3 Qxc3 13. Bb2 Qb4 14.
Bxf6 gxf6 15. Ne4 Qe7 16. Rd1 Nd5 17. Bc4 b6 18. Bxd5 cxd5 19. Nc3 Bb7 20. Qb5+
Kf8 21. Qe2 Rc8 22. Qe3 h6 23. h4 Rc4 24. Rd4 Qc5 25. Ne2 Ba6 26. Rxc4 Qxe3 27.
fxe3 Bxc4 28. Kf2 Rg8 29. Rc1 Ke7 30. Ng3 Kd6 31. Nd2 b5 32. Nxc4+ bxc4 33. e4
Rb8 34. Rc2 Kc5 35. exd5 exd5 36. Nf5 h5 37. Ne3 Rb6 38. g4 hxg4 39. Nxg4 d4
40. h5 c3 41. Ke1 f5 42. Ne5 Re6 43. Re2 Kd5 44. Nd3 Rxe2+ 45. Kxe2 Ke6 46.
Nc5+ Kf6 47. Nd3 Kg5 48. Nf4 Kh6 49. Kd3 Kg5 50. a4 a5 51. Kc2 Kh6 52. Ne2 Kxh5
53. Nxd4 Kg6 54. Kxc3 Kf6 55. Kd3 Ke5 56. Nc6+ Kd5 57. Nxa5 Kc5 58. Nb3+ Kb4
59. a5 Kb5 60. Ke3 Ka6 61. Kf4 Kb7 62. Kxf5 Ka6 63. Kf6 Kb5 64. Kxf7 Ka6 65.
Ke7 Kb5 66. Kd7 Ka6 67. Kc7 Ka7 68. Nc5 Ka8 69. Kb6 Kb8 70. Ne6 Kc8 71. Nc7 1-0

[Event "DEM U12/U12w 2008"]
[Site "Willingen GER"]
[Date "2008.05.13"]
[Round "5"]
[White "Bajorski, Maria Sophie"]
[Black "Bonk, Andras"]
[Result "0-1"]
[Termination "normal"]
[Board "29"]
[WhiteElo "1211"]
[BlackElo "1473"]
[PlyCount "64"]
[WhiteFideId "24654531"]
[BlackFideId "24692123"]
[EventCountry "GER"]
[EventRounds "11"]
[EventType "swiss"]
[EventDate "2008.05.10"]

1. e4 c5 2. c3 e6 3. d4 cxd4 4. cxd4 d5 5. e5 Nc6 6. Nf3 Bb4+ 7. Bd2 Bxd2+ 8.
Nbxd2 Nge7 9. Bd3 O-O 10. O-O Bd7 11. Nb3 Rc8 12. Nc5 b6 13. Nb7 Qc7 14. Nd6
Rb8 15. Qc2 h6 16. Rac1 Qd8 17. Qd2 Nc8 18. Rc2 Nxd6 19. exd6 Be8 20. Bb5 Qxd6
21. Rfc1 Nb4 22. Bxe8 Nxc2 23. Bxf7+ Rxf7 24. Qxc2 Rff8 25. Qg6 Rbc8 26. Re1
Rf6 27. Qg4 Qf4 28. Qh3 Rc1 29. Rf1 Rxf1+ 30. Kxf1 Qc1+ 31. Ne1 Qxb2 32. Qd3
Qxf2# 0-1

[Event "DEM U12/U12w 2008"]
[Site "Willingen GER"]
[Date "2008.05.13"]
[Round "5"]
[White "Gubela, Hans-Erich Constantin"]
[Black "Rahimi, Anita"]
[Result "1-0"]
[Termination "normal"]
[Board "30"]
[WhiteElo "1460"]
[BlackElo "1172"]
[PlyCount "103"]
[WhiteFideId "24692140"]
[BlackFideId "24692336"]
[EventCountry "GER"]
[EventRounds "11"]
[EventType "swiss"]
[EventDate "2008.05.10"]

1. e4 c5 2. c4 e5 3. Nc3 Nf6 4. g3 Nc6 5. Bg2 d6 6. Nge2 Be6 7. d3 Be7 8. f4
Bg4 9. O-O Nd4 10. Qa4+ Bd7 11. Qd1 Rc8 12. Nxd4 cxd4 13. Nd5 Nxd5 14. exd5 O-O
15. Re1 Bf6 16. Bd2 Re8 17. fxe5 dxe5 18. Qf3 b5 19. b3 a6 20. Bb4 Be7 21. Bd2
Bg5 22. Bb4 Qf6 23. Rac1 Bxc1 24. Rxc1 Qxf3 25. Bxf3 bxc4 26. bxc4 Bb5 27. Bg4
Rc7 28. Bd6 Rb7 29. cxb5 axb5 30. Kf2 g6 31. Re1 f6 32. a3 Rd8 33. Bb4 Kg7 34.
h4 Rc7 35. Bf3 Rc2+ 36. Re2 Rxe2+ 37. Kxe2 f5 38. Be7 Re8 39. d6 Rxe7 40. dxe7
Kf7 41. e8=Q+ Kxe8 42. Bc6+ Kd8 43. Bxb5 Kc7 44. Bc4 Kb6 45. Bg8 h6 46. Bh7 f4
47. gxf4 exf4 48. Bxg6 Kb5 49. Be8+ Ka5 50. Kf3 Kb6 51. Kxf4 Kc5 52. Ke5 1-0

[Event "DEM U12/U12w 2008"]
[Site "Willingen GER"]
[Date "2008.05.13"]
[Round "5"]
[White "Steimbach, Isabel"]
[Black "Puffay, Jana"]
[Result "1-0"]
[Termination "normal"]
[Board "31"]
[WhiteElo "1448"]
[BlackElo "1047"]
[PlyCount "105"]
[WhiteFideId "24692174"]
[BlackFideId "24692360"]
[EventCountry "GER"]
[EventRounds "11"]
[EventType "swiss"]
[EventDate "2008.05.10"]

1. e4 e5 2. Nf3 Nc6 3. Bb5 a6 4. Bxc6 dxc6 5. O-O Bg4 6. h3 Bh5 7. g4 Bg6 8.
Nxe5 Qd4 9. Nxg6 hxg6 10. c3 Qd6 11. Kg2 O-O-O 12. d4 c5 13. Be3 Be7 14. Qf3
cxd4 15. cxd4 f5 16. Nc3 fxe4 17. Nxe4 Qd5 18. Rh1 Nf6 19. Nxf6 Qxf3+ 20. Kxf3
gxf6 21. Kg2 g5 22. Rac1 Rd5 23. Rhe1 Bb4 24. Re2 Rhd8 25. f4 gxf4 26. Bxf4 Ba5
27. Be3 Bb6 28. Rf1 R8d6 29. Rd2 Kd7 30. h4 Ke7 31. g5 fxg5 32. Bxg5+ Kd7 33.
Rf7+ Kc6 34. Be3 Bxd4 35. Bxd4 Rxd4 36. Rxd4 Rxd4 37. Kg3 Rd3+ 38. Rf3 Rxf3+
39. Kxf3 Kd7 40. Ke4 Ke7 41. Kf5 Kf7 42. Ke5 Ke7 43. h5 Kf7 44. h6 Kg6 45. Ke6
Kxh6 46. Kd7 b5 47. Kxc7 b4 48. Kb6 a5 49. Kxa5 b3 50. a3 Kg6 51. Kb4 Kf6 52.
Kxb3 Ke6 53. Kb4 1-0

[Event "DEM U12/U12w 2008"]
[Site "Willingen GER"]
[Date "2008.05.13"]
[Round "5"]
[White "Pührer, Anne"]
[Black "Müller, Alexandra"]
[Result "0-1"]
[Termination "normal"]
[Board "32"]
[WhiteElo "1369"]
[BlackElo "1532"]
[PlyCount "82"]
[WhiteFideId "24692247"]
[BlackFideId "24691496"]
[EventCountry "GER"]
[EventRounds "11"]
[EventType "swiss"]
[EventDate "2008.05.10"]

1. e4 e5 2. Nf3 Nc6 3. d4 exd4 4. Nxd4 Bc5 5. Nb3 Bb6 6. Bd3 Qf6 7. O-O Nge7 8.
Nc3 O-O 9. Kh1 d6 10. f4 Nd4 11. Bd2 Nec6 12. Nd5 Qd8 13. Nc1 f5 14. c3 Ne6 15.
exf5 Nc5 16. Bc4 Kh8 17. b4 Ne4 18. a4 Nf2+ 19. Rxf2 Bxf2 20. g3 a6 21. Nd3 Ba7
22. b5 Na5 23. Ba2 Bxf5 24. Ne1 c6 25. Ne3 Be4+ 26. Kg1 axb5 27. axb5 cxb5 28.
Kf1 Bc5 29. Nf3 Qc7 30. Ng5 Qe7 31. Qh5 Bg6 32. Qh4 Nc6 33. c4 b4 34. Nd5 Qd8
35. Qg4 Ne5 36. Qd1 Qxg5 37. Kg2 Bd4 38. Kf1 Qf5 39. Nxb4 Qh3+ 40. Ke1 Nf3+ 41.
Ke2 Qg2# 0-1

[Event "DEM U12/U12w 2008"]
[Site "Willingen GER"]
[Date "2008.05.13"]
[Round "5"]
[White "Stanau, Guido"]
[Black "Böhl, Marius"]
[Result "1-0"]
[Termination "normal"]
[Board "33"]
[WhiteElo "1333"]
[BlackElo "1471"]
[PlyCount "113"]
[WhiteFideId "24692255"]
[BlackFideId "24692131"]
[EventCountry "GER"]
[EventRounds "11"]
[EventType "swiss"]
[EventDate "2008.05.10"]

1. e4 Nf6 2. Nc3 d5 3. e5 d4 4. exf6 dxc3 5. bxc3 exf6 6. d4 Bf5 7. Qf3 Qc8 8.
Bc4 Bd6 9. Qe2+ Be7 10. Ba3 Qd7 11. Rb1 c6 12. Qxe7+ Qxe7+ 13. Bxe7 Kxe7 14.
Rxb7+ Nd7 15. Nf3 Bxc2 16. O-O Bg6 17. d5 cxd5 18. Bxd5 Rhb8 19. Nd4 Kd6 20.
Rxb8 Rxb8 21. Bb3 Nc5 22. Rd1 Nxb3 23. axb3 Kc5 24. f3 a5 25. Kf2 Ra8 26. Ra1
Kb6 27. f4 Be4 28. g3 Rc8 29. Ke3 Bd5 30. c4 Re8+ 31. Kd2 Bc6 32. Nxc6 Kxc6 33.
Rxa5 Rd8+ 34. Kc3 Rd1 35. Ra6+ Kb7 36. Ra2 g5 37. fxg5 fxg5 38. Rf2 Rd7 39. Kb4
Kc7 40. Rf6 Kd8 41. Kc5 Re7 42. Rd6+ Rd7 43. Rxd7+ Kxd7 44. Kd5 f6 45. b4 f5
46. Ke5 f4 47. gxf4 g4 48. f5 h5 49. Kf4 Kd6 50. f6 Ke6 51. b5 Kxf6 52. b6 g3
53. hxg3 h4 54. gxh4 Ke6 55. b7 Kd7 56. b8=Q Kc6 57. Qb5+ 1-0

[Event "DEM U12/U12w 2008"]
[Site "Willingen GER"]
[Date "2008.05.13"]
[Round "5"]
[White "Duchow, Julien"]
[Black "Bokemaer, David"]
[Result "0-1"]
[Termination "normal"]
[Board "34"]
[WhiteElo "1303"]
[BlackElo "1433"]
[PlyCount "68"]
[EventCountry "GER"]
[EventRounds "11"]
[EventType "swiss"]
[EventDate "2008.05.10"]

1. e4 e5 2. Nf3 Nc6 3. Bb5 a6 4. Ba4 Nf6 5. O-O b5 6. Bb3 Bc5 7. Re1 Ng4 8. Rf1
d6 9. h3 Nf6 10. Re1 O-O 11. Nc3 Be6 12. d3 h6 13. Ne2 Re8 14. Ng3 Qd7 15. Nh4
Nd4 16. Bxe6 fxe6 17. c3 Nc6 18. Be3 Qe7 19. b4 Bxe3 20. Rxe3 d5 21. exd5 Nxd5
22. Ng6 Qf6 23. Nxe5 Nxe3 24. Nd7 Nxd1 25. Nxf6+ gxf6 26. Rxd1 a5 27. Ne4 Kf7
28. bxa5 Rxa5 29. Rd2 Rd8 30. Nc5 Rd5 31. Nb3 Ra8 32. d4 Rad8 33. Nc5 Rxc5 34.
dxc5 Rxd2 0-1

[Event "DEM U12/U12w 2008"]
[Site "Willingen GER"]
[Date "2008.05.13"]
[Round "5"]
[White "Lagunov, Elina"]
[Black "Jermann, Isabel"]
[Result "1-0"]
[Termination "normal"]
[Board "35"]
[WhiteElo "1431"]
[BlackElo "1146"]
[PlyCount "129"]
[WhiteFideId "4673387"]
[EventCountry "GER"]
[EventRounds "11"]
[EventType "swiss"]
[EventDate "2008.05.10"]

1. e4 c6 2. d4 d5 3. Nc3 dxe4 4. Nxe4 Nf6 5. Nxf6+ gxf6 6. Nf3 Bf5 7. Bd3 Bg6
8. Bf4 e6 9. O-O Bd6 10. Bh6 Qc7 11. Qd2 Nd7 12. c4 Bxd3 13. Qxd3 Bf4 14. Bg7
Rg8 15. Qxh7 O-O-O 16. g3 Nf8 17. Bxf8 Rdxf8 18. Kh1 Bd6 19. d5 Be7 20. Nd4 e5
21. Nf5 Bc5 22. Rad1 Kb8 23. d6 Qd7 24. Ne7 Rh8 25. Qf5 Qxf5 26. Nxf5 Rd8 27.
a3 a5 28. Rd2 Rd7 29. Rfd1 Rh5 30. g4 Rh3 31. Ng3 Bd4 32. Nf5 Bc5 33. Kg2 Rh8
34. Ng3 Rg8 35. f3 Rgd8 36. Ne4 Be3 37. Rd3 Bd4 38. b4 b6 39. bxa5 bxa5 40. c5
Rb7 41. Rc1 Bb2 42. Rb1 Ka7 43. h4 Rdb8 44. Nxf6 Rb5 45. h5 Ka6 46. d7 Bd4 47.
Rxb5 Kxb5 48. f4 Kxc5 49. fxe5 Bxe5 50. Ne8 Kc4 51. Rd1 Bf4 52. Kf3 Bg5 53. Ke4
Kc3 54. Kf5 Bh6 55. g5 Bf8 56. h6 Kc2 57. Rh1 Bxa3 58. h7 Bb2 59. Nf6 a4 60.
h8=Q Rxh8 61. Rxh8 a3 62. Ra8 Kb3 63. d8=Q c5 64. Qd3+ Kb4 65. Nd5# 1-0

[Event "DEM U12/U12w 2008"]
[Site "Willingen GER"]
[Date "2008.05.13"]
[Round "5"]
[White "Eichstaedt, Mirko"]
[Black "Berger, Nadja"]
[Result "0-1"]
[Termination "normal"]
[Board "36"]
[WhiteElo "1265"]
[BlackElo "1380"]
[PlyCount "128"]
[WhiteFideId "24692310"]
[BlackFideId "24692212"]
[EventCountry "GER"]
[EventRounds "11"]
[EventType "swiss"]
[EventDate "2008.05.10"]

1. e4 c5 2. Nf3 a6 3. d4 cxd4 4. Nxd4 e5 5. Nf3 Nf6 6. Nc3 Bb4 7. Bg5 Qa5 8.
Bd2 d6 9. Bd3 Nc6 10. a3 Bxc3 11. Bxc3 Qb6 12. Qd2 h6 13. h3 Be6 14. b3 Rc8 15.
Bb2 Nd7 16. b4 Nf6 17. c4 Ke7 18. Rc1 Na7 19. Ke2 Rc7 20. Rc2 Rhc8 21. Rhc1 Qc6
22. Qc3 Nxe4 23. Qe1 Nf6 24. Kf1 Qd7 25. Ke2 Ke8 26. Nd2 Qc6 27. f3 Qd7 28. Qh4
Bf5 29. Bxf5 Qxf5 30. Ne4 Nxe4 31. Qxe4 Qxe4+ 32. fxe4 f6 33. g4 b5 34. Kd3 Kd7
35. h4 bxc4+ 36. Rxc4 Rxc4 37. Rxc4 Nc6 38. Rc2 g6 39. Ke3 Ke6 40. a4 Kd7 41.
b5 axb5 42. axb5 Na7 43. Rxc8 Nxc8 44. Kd3 Kc7 45. Bc1 h5 46. gxh5 gxh5 47. Bh6
Kb6 48. Bg7 Kxb5 49. Bxf6 Kc5 50. Kc3 Nb6 51. Bg5 Kb5 52. Be3 Na4+ 53. Kc2 Nc5
54. Kc3 Nxe4+ 55. Kd3 Nc5+ 56. Kc3 d5 57. Kc2 Kc4 58. Kd2 d4 59. Bg5 Ne4+ 60.
Ke1 Nxg5 61. hxg5 Kd5 62. Ke2 e4 63. g6 Ke6 64. Kf2 Kf6 0-1

[Event "DEM U12/U12w 2008"]
[Site "Willingen GER"]
[Date "2008.05.13"]
[Round "5"]
[White "Stolberg, Daniel"]
[Black "Greif, Gavin"]
[Result "1/2-1/2"]
[Termination "normal"]
[Board "37"]
[WhiteElo "1372"]
[BlackElo "1268"]
[PlyCount "96"]
[BlackFideId "24662429"]
[EventCountry "GER"]
[EventRounds "11"]
[EventType "swiss"]
[EventDate "2008.05.10"]

1. d4 d5 2. c4 e6 3. Nc3 Nf6 4. Bg5 Nbd7 5. cxd5 exd5 6. Nf3 c6 7. a3 Be7 8. e3
O-O 9. Qc2 Ng4 10. Bxe7 Qxe7 11. h3 Ngf6 12. Bd3 Re8 13. Nd2 Nf8 14. Nf1 Ne6
15. Ne2 Bd7 16. Nfg3 g6 17. O-O Ng7 18. Qb3 b6 19. Nf4 Be6 20. Be2 c5 21. Nxe6
Nxe6 22. dxc5 bxc5 23. Bf3 Rab8 24. Qc3 Red8 25. Rab1 d4 26. Qd3 Qc7 27. Rfc1
Qe5 28. Nf1 Nd5 29. Bxd5 Qxd5 30. Rc4 dxe3 31. Qxd5 exf2+ 32. Kxf2 Rxd5 33. Ra4
Rd4 34. Rxa7 c4 35. Ra4 c3 36. Rxd4 Nxd4 37. b3 Rxb3 38. Rxb3 Nxb3 39. Ne3 f5
40. Nc2 Nc1 41. a4 Nd3+ 42. Ke3 Nc5 43. a5 Na6 44. Kd3 Kf7 45. Kxc3 Ke6 46. Nb4
Nc5 47. a6 Nxa6 48. Nxa6 Ke5 1/2-1/2

[Event "DEM U12/U12w 2008"]
[Site "Willingen GER"]
[Date "2008.05.13"]
[Round "5"]
[White "Stolcz, Bianca"]
[Black "Boberg, Tobias Marcel"]
[Result "0-1"]
[Termination "normal"]
[Board "38"]
[WhiteElo "1594"]
[BlackElo "1283"]
[PlyCount "154"]
[WhiteFideId "24654914"]
[BlackFideId "24692298"]
[EventCountry "GER"]
[EventRounds "11"]
[EventType "swiss"]
[EventDate "2008.05.10"]

1. e4 c5 2. Nf3 a6 3. d4 cxd4 4. Nxd4 Nf6 5. Bd3 e5 6. Nb3 Nc6 7. O-O Be7 8. f4
d6 9. f5 Qb6+ 10. Kh1 O-O 11. Nc3 Nb4 12. Rf3 Ng4 13. Qe2 Nxd3 14. cxd3 Bd7 15.
Nd5 Qd8 16. Bd2 b6 17. Rg3 h5 18. Nxe7+ Qxe7 19. Rh3 g6 20. Rf1 Rac8 21. Be3
Rc6 22. Rc1 Rfc8 23. Rxc6 Rxc6 24. Qd2 a5 25. fxg6 fxg6 26. Rg3 Qf7 27. Rf3 Qh7
28. Bg5 a4 29. Nc1 Rc8 30. h3 b5 31. Kg1 Be6 32. hxg4 Bxg4 33. Rf6 h4 34. Rxd6
h3 35. Qa5 hxg2 36. Rd8+ Kg7 37. Rd7+ Bxd7 38. Kxg2 Qh3+ 39. Kf2 Rc2+ 40. Bd2
Qh2+ 41. Ke3 Qg3+ 42. Ke2 Bg4+ 43. Kf1 Qf3+ 44. Kg1 Qd1+ 45. Be1 Rxc1 46. Qa7+
Kh6 47. Qe3+ Kh5 48. Kf1 Qxe1+ 49. Qxe1 Rxe1+ 50. Kxe1 Be6 51. a3 Kh4 52. Kf2
Kh3 53. Kg1 g5 54. Kh1 g4 55. Kg1 Kg3 56. Kf1 Kh2 57. Kf2 g3+ 58. Ke3 g2 59. d4
exd4+ 60. Kxd4 g1=Q+ 61. Ke5 Qg5+ 62. Kxe6 Kg3 63. e5 Qg7 64. Kd6 Qb7 65. e6
Qb8+ 66. Kd7 Qb7+ 67. Kd6 Qc8 68. Ke7 Kf4 69. Kf7 Qc4 70. Kf6 Qc6 71. Kf7 Ke5
72. e7 Qf6+ 73. Ke8 Ke6 74. Kd8 Qxe7+ 75. Kc8 Kd6 76. Kb8 Kc6 77. Ka8 Qb7# 0-1

[Event "DEM U12/U12w 2008"]
[Site "Willingen GER"]
[Date "2008.05.13"]
[Round "5"]
[White "Helle, Samuel"]
[Black "Priese, Annika"]
[Result "1-0"]
[Termination "normal"]
[Board "40"]
[WhiteElo "1438"]
[BlackElo "1256"]
[PlyCount "75"]
[WhiteFideId "24692182"]
[BlackFideId "24673730"]
[EventCountry "GER"]
[EventRounds "11"]
[EventType "swiss"]
[EventDate "2008.05.10"]

1. Nf3 d5 2. c4 e6 3. d4 Nf6 4. Nc3 Be7 5. e3 O-O 6. Bd3 Nbd7 7. O-O Re8 8. Qc2
Nf8 9. Ne5 c6 10. c5 Qc7 11. b4 a6 12. Bd2 N8d7 13. f4 Nf8 14. a4 Bd7 15. Rfb1
b6 16. cxb6 Qxb6 17. a5 Qc7 18. Na4 Reb8 19. Nb6 Ra7 20. Rc1 Rbb7 21. Nxc6 Bxc6
22. Qxc6 Qd8 23. Qc8 Qxc8 24. Rxc8 N6d7 25. Nxd7 Rxd7 26. Rc6 Rd8 27. Rb1 Rda8
28. Rbc1 Bf6 29. Rc7 Bh4 30. Rxa7 Rxa7 31. Rc6 g6 32. Rxa6 Rb7 33. b5 Nd7 34.
Rc6 Kg7 35. a6 Rb8 36. a7 Ra8 37. b6 Bd8 38. Ba5 1-0

[Event "DEM U12/U12w 2008"]
[Site "Willingen GER"]
[Date "2008.05.13"]
[Round "5"]
[White "Hauffen, Franziska"]
[Black "Viereck, Marten"]
[Result "0-1"]
[Termination "normal"]
[Board "41"]
[WhiteElo "1143"]
[BlackElo "1414"]
[PlyCount "68"]
[BlackFideId "24692190"]
[EventCountry "GER"]
[EventRounds "11"]
[EventType "swiss"]
[EventDate "2008.05.10"]

1. e4 e5 2. Nf3 Nc6 3. Bc4 Bc5 4. c3 Nge7 5. d3 h6 6. O-O O-O 7. Nbd2 d6 8. b4
Bb6 9. a4 a6 10. Bb2 Ng6 11. b5 axb5 12. axb5 Rxa1 13. Qxa1 Nce7 14. d4 Bd7 15.
Re1 Qa8 16. Qd1 Qa7 17. Qb3 Qb8 18. Ra1 Qc8 19. Qd1 Be6 20. Qe2 Nf4 21. Qd1
Neg6 22. Bxe6 Qxe6 23. Kh1 Nd3 24. Qb1 Nxf2+ 25. Kg1 Ng4 26. Qe1 f5 27. exf5
Qxf5 28. Qe2 Nf4 29. Qc4+ d5 30. Qf1 Ne3 31. Qe1 Qg4 32. Qf2 Nh3+ 33. Kh1 Nxf2+
34. Kg1 Qxg2# 0-1

[Event "DEM U12/U12w 2008"]
[Site "Willingen GER"]
[Date "2008.05.13"]
[Round "5"]
[White "Neumann, Florian"]
[Black "Triantafillidis, Katherina"]
[Result "1-0"]
[Termination "normal"]
[Board "42"]
[WhiteElo "1350"]
[BlackElo "993"]
[PlyCount "105"]
[BlackFideId "24692409"]
[EventCountry "GER"]
[EventRounds "11"]
[EventType "swiss"]
[EventDate "2008.05.10"]

1. e4 e5 2. Nf3 Nc6 3. Bc4 Nf6 4. Ng5 d5 5. exd5 Nxd5 6. d4 f6 7. dxe5 fxg5 8.
Bxd5 Nxe5 9. Qd4 Bd6 10. O-O c6 11. Bb3 Qf6 12. Qe3 h6 13. Nd2 Be6 14. Ne4 Qe7
15. Nxd6+ Qxd6 16. Bxe6 Qxe6 17. Re1 Nf3+ 18. gxf3 Qxe3 19. Rxe3+ Kf8 20. Bd2
Rd8 21. Bb4+ Kg8 22. Rae1 Kh7 23. Bc3 Rd7 24. Re7 Rxe7 25. Rxe7 Rg8 26. Kg2 h5
27. Rxb7 a6 28. Kg3 h4+ 29. Kg4 Kg6 30. Rxg7+ Rxg7 31. Bxg7 Kxg7 32. Kxg5 h3
33. f4 c5 34. f5 Kf7 35. f6 a5 36. a4 c4 37. c3 Kf8 38. Kg6 Kg8 39. f7+ Kf8 40.
f3 Ke7 41. Kg7 Ke6 42. f8=Q Kd5 43. Qf4 Ke6 44. Qe4+ Kd6 45. Kf7 Kc5 46. Qd4+
Kc6 47. Ke7 Kc7 48. Qxc4+ Kb6 49. Kd6 Kb7 50. Qc6+ Ka7 51. Qb5 Ka8 52. Kc7 Ka7
53. Qxa5# 1-0

[Event "DEM U12/U12w 2008"]
[Site "Willingen GER"]
[Date "2008.05.13"]
[Round "5"]
[White "Schreiber, Justina"]
[Black "Ewert, Paul"]
[Result "1-0"]
[Termination "normal"]
[Board "43"]
[WhiteElo "1172"]
[BlackElo "1329"]
[PlyCount "63"]
[WhiteFideId "24661570"]
[EventCountry "GER"]
[EventRounds "11"]
[EventType "swiss"]
[EventDate "2008.05.10"]

1. e4 e5 2. Nc3 Nf6 3. f4 d5 4. fxe5 Nxe4 5. Qf3 Nxc3 6. bxc3 Be7 7. d4 O-O 8.
Bd3 f6 9. Qh5 f5 10. Nf3 g6 11. Qh6 Rf7 12. O-O Bf8 13. Qg5 Qxg5 14. Nxg5 Re7
15. Rb1 b6 16. c4 Bb7 17. Bf4 Nd7 18. e6 Nf6 19. Be5 Ne4 20. Bxe4 dxe4 21. d5
h6 22. Nh3 c6 23. Nf4 g5 24. Ng6 Ree8 25. Nxf8 Rxf8 26. d6 c5 27. Rbd1 e3 28.
Rfe1 f4 29. e7 Bxg2 30. d7 f3 31. exf8=Q+ Rxf8 32. Rxe3 1-0

[Event "DEM U12/U12w 2008"]
[Site "Willingen GER"]
[Date "2008.05.13"]
[Round "5"]
[White "Aslan, Dersim"]
[Black "Wulf, Constanze"]
[Result "1-0"]
[Termination "time forfeit"]
[Board "44"]
[WhiteElo "1319"]
[BlackElo "1047"]
[PlyCount "129"]
[WhiteFideId "24692271"]
[BlackFideId "24692379"]
[EventCountry "GER"]
[EventRounds "11"]
[EventType "swiss"]
[EventDate "2008.05.10"]

1. e4 d6 2. d4 Nf6 3. Nc3 g6 4. Nf3 Bg7 5. Be2 O-O 6. Be3 Nbd7 7. Qd2 e5 8. d5
Re8 9. Bh6 Bh8 10. h3 Nb6 11. O-O-O a6 12. Rdf1 Bd7 13. Bg5 c6 14. h4 cxd5 15.
exd5 Bf5 16. Ne1 Nbd7 17. g4 Bxg4 18. Bxg4 b5 19. a3 b4 20. axb4 Qb6 21. Bxd7
Nxd7 22. Be3 Qxb4 23. Nd3 Qb7 24. f3 a5 25. Kd1 a4 26. Ke2 Nf6 27. Nc1 Qxb2 28.
Nd3 Qb7 29. Nf2 a3 30. Ra1 Ra5 31. Rhd1 Qa6+ 32. Qd3 Qb7 33. Nfe4 Rea8 34. Nxd6
Qd7 35. Nc4 R5a6 36. Nxe5 Qd6 37. f4 Nh5 38. Kd2 Bxe5 39. fxe5 Qxe5 40. Kc1 Qd6
41. Nb5 Qf6 42. Qd4 Qe7 43. d6 Qd7 44. Nc7 Ra4 45. Qc3 R8a5 46. Qb3 Kg7 47.
Qc3+ Nf6 48. Bg5 Rf5 49. Nd5 Qd8 50. Bxf6+ Rxf6 51. Qxf6+ Qxf6 52. Nxf6 Kxf6
53. d7 Ra8 54. Rxa3 Rd8 55. Ra8 Rxa8 56. d8=Q+ Rxd8 57. Rxd8 Ke7 58. Rd2 f5 59.
c4 f4 60. Rf2 Kd6 61. Rxf4 Kc5 62. Rf7 Kxc4 63. Rxh7 Kd4 64. Rg7 Ke5 65. Rxg6
1-0

[Event "DEM U12/U12w 2008"]
[Site "Willingen GER"]
[Date "2008.05.13"]
[Round "5"]
[White "Diederichs, Luise"]
[Black "Ludwig, Maria"]
[Result "1-0"]
[Termination "normal"]
[Board "45"]
[WhiteElo "1177"]
[BlackElo "866"]
[PlyCount "69"]
[WhiteFideId "24661597"]
[BlackFideId "24655791"]
[EventCountry "GER"]
[EventRounds "11"]
[EventType "swiss"]
[EventDate "2008.05.10"]

1. d4 d5 2. c4 e6 3. Nc3 c6 4. e3 Nf6 5. Bd3 Nbd7 6. Nf3 Bd6 7. O-O Nb6 8. c5
Bb8 9. cxb6 axb6 10. Re1 Qc7 11. h3 h5 12. e4 Ra5 13. e5 Nd7 14. b4 Ra6 15.
Bxa6 bxa6 16. a4 a5 17. bxa5 bxa5 18. Ba3 c5 19. Bxc5 Nxc5 20. dxc5 Qxc5 21.
Qb3 Qc7 22. Nb5 Qd8 23. Rac1 O-O 24. Nbd4 Ba7 25. Nc6 Qc7 26. Nxa7 Qxa7 27. Qc3
Qa6 28. Qc6 Qd3 29. Ng5 g6 30. Qb5 Qf5 31. Nf3 g5 32. Qxa5 g4 33. hxg4 hxg4 34.
Nd4 Qf4 35. Qc3 1-0

[Event "DEM U12/U12w 2008"]
[Site "Willingen GER"]
[Date "2008.05.13"]
[Round "5"]
[White "Bohm, Stephanie"]
[Black "Michels, Kim"]
[Result "1-0"]
[Termination "normal"]
[Board "46"]
[WhiteElo "888"]
[BlackElo "926"]
[PlyCount "125"]
[BlackFideId "24690066"]
[EventCountry "GER"]
[EventRounds "11"]
[EventType "swiss"]
[EventDate "2008.05.10"]

1. c4 c5 2. Nc3 Nc6 3. g3 g6 4. Bg2 Bg7 5. d3 Nf6 6. Bg5 h6 7. Bxf6 Bxf6 8. Rb1
O-O 9. Nf3 d6 10. O-O Be6 11. a3 Qd7 12. Ne4 Bg7 13. b4 cxb4 14. axb4 d5 15.
Nc5 Qc8 16. Nxe6 Qxe6 17. b5 Nb8 18. Nd2 Nd7 19. Bxd5 Qb6 20. e3 Nc5 21. d4 Nd7
22. c5 Qc7 23. Nc4 Nf6 24. Bg2 b6 25. Bxa8 Rxa8 26. c6 Ne4 27. Qd3 Nf6 28. e4
Kh7 29. d5 Qc8 30. f3 a6 31. e5 Ng8 32. Nxb6 Qb8 33. Nxa8 Qa7+ 34. Kg2 Qxa8 35.
b6 Bxe5 36. b7 Qd8 37. Rfc1 Bc7 38. b8=Q Bxb8 39. Rxb8 Qxb8 40. c7 Qb2+ 41. Rc2
Qb6 42. c8=Q a5 43. Qdc3 a4 44. Qf8 f6 45. Rb2 Qd6 46. Qcc8 Qxd5 47. Rb8 Qa2+
48. Kh3 h5 49. Qxg8+ Qxg8 50. Qxg8+ Kh6 51. Qh8+ Kg5 52. Rb5+ e5 53. f4+ Kf5
54. Qc8+ Ke4 55. Qc4+ Kf5 56. Rb8 g5 57. Qd3+ e4 58. Qd5+ Kg6 59. f5+ Kg7 60.
Qd7+ Kh6 61. Qf7 g4+ 62. Kh4 e3 63. Qg6# 1-0

[Event "DEM U12/U12w 2008"]
[Site "Willingen GER"]
[Date "2008.05.13"]
[Round "5"]
[White "Fischer, Maxi"]
[Black "Röhlich, Anna"]
[Result "0-1"]
[Termination "normal"]
[Board "47"]
[WhiteElo "1026"]
[BlackElo "1043"]
[PlyCount "76"]
[WhiteFideId "24692395"]
[EventCountry "GER"]
[EventRounds "11"]
[EventType "swiss"]
[EventDate "2008.05.10"]

1. e4 c5 2. Nc3 Nc6 3. f4 d6 4. Nf3 g6 5. Bc4 Bg7 6. h3 Nf6 7. d3 O-O 8. Be3
Bd7 9. g4 Kh8 10. f5 a5 11. fxg6 fxg6 12. Qe2 a4 13. a3 Na5 14. Ba2 b5 15. Nd5
Nxd5 16. Bxd5 Rb8 17. b4 Bxa1 18. O-O Bc3 19. bxa5 Bxa5 20. Qf2 e6 21. Ba2 Qe7
22. d4 c4 23. d5 e5 24. Qe2 Rf7 25. Rd1 Rbf8 26. Nh2 Qh4 27. Kg2 Qe7 28. Kg3
Kg7 29. Rf1 Rxf1 30. Nxf1 Bd8 31. Kg2 Qh4 32. Ng3 h5 33. Nh1 hxg4 34. hxg4 Bxg4
35. Qf2 Rxf2+ 36. Bxf2 Qh3+ 37. Kg1 Bf3 38. Ng3 Qg2# 0-1

[Event "DEM U12/U12w 2008"]
[Site "Willingen GER"]
[Date "2008.05.14"]
[Round "6"]
[White "Nöttling, Dominik"]
[Black "Azizi, Nassim"]
[Result "1/2-1/2"]
[Termination "normal"]
[Board "1"]
[WhiteElo "1728"]
[BlackElo "1643"]
[PlyCount "23"]
[WhiteFideId "24672807"]
[BlackFideId "4608119"]
[EventCountry "GER"]
[EventRounds "11"]
[EventType "swiss"]
[EventDate "2008.05.10"]

1. e4 c5 2. Nf3 e6 3. c3 b6 4. d4 Bb7 5. Bd3 Nf6 6. e5 Nd5 7. Bd2 d6 8. exd6
Bxd6 9. Qc2 Nf6 10. Ne5 Nc6 11. Bb5 Qc7 12. Nxc6 1/2-1/2